00811nam a2200157Ia 4500008004100000050002200041100002500063245018300088260008600271300003300357521001200390942000700402999001900409952010500428952012000533140724s9999 xx 000 0 und d aRT 73b.C112 2011 aCabaccang, Stefan A. 4aThe correlates of temperaments, social networking habit and study habit of the nursing students batch 2013 of Southville International School and Colleges /cStefan A. Cabaccang. aLas Piñas, Philippines :bSouthville International School and Colleges,cc2011. a61 p. :bcol. ill. ;c28 cm. aNursing cTH c228672d228672 001040aCLbCLcTHESESd2014-07-24l0oRT 73 .C112 2011pT0026r2018-05-15 00:00:00w2014-07-24yTH 00102lcc40aCLbCLcTHESESd2018-01-25eDONATIONl0oRT 73 .C112 2011pT1012r2018-05-15 00:00:00w2018-01-25yTH